[Event "AUT-chT2M 1920"]
[Site "Austria"]
[Date "2019.10.12"]
[Round "2.6"]
[White "Eder, Andreas"]
[Black "Schieder, Andreas"]
[Result "1-0"]
[WhiteElo "2134"]
[BlackElo "2188"]
[PlyCount "137"]
[EventDate "2019.10.11"]
[EventType "team-tourn"]
[EventRounds "11"]
[EventCountry "AUT"]
[SourceTitle "CBM 192 Extra"]
[Source "Chessbase"]
[SourceDate "2019.11.06"]
[SourceVersion "1"]
[SourceVersionDate "2019.11.06"]
[SourceQuality "1"]
[WhiteTeam "St Valentin"]
[BlackTeam "Pinggau Friedberg"]
[WhiteTeamCountry "AUT"]
[BlackTeamCountry "AUT"]

1. d4 Nf6 2. Bf4 c5 3. e3 cxd4 4. exd4 d5 5. c3 Nc6 6. Nd2 h6 7. Bd3 g5 8. Bg3 Bg4 9. Qb3 Qc8 10. Ngf3 Bg7 11. Ne5 Be6 12. Qd1 Nd7 13. Nxd7 Bxd7 14. Qe2 0-0 15. 0-0 Bg4 16. Qe3 Bf5 17. Bb5 a6 18. Ba4 b5 19. Bb3 Qd7 20. Nf3 e6 21. Ne5 Nxe5 22. dxe5 Qa7 23. Qxa7 Rxa7 24. f4 Rd7 25. Rad1 Rfd8 26. Bf2 Bg4 27. Rde1 gxf4 28. Bd4 f3 29. gxf3 Bf5 30. Kf2 Kh7 31. Re2 h5 32. Bc2 Bxc2 33. Rxc2 Bh6 34. Rg1 Bf4 35. Kf1 Rg8 36. Rxg8 Kxg8 37. Rg2+ Kh7 38. Ke2 Rd8 39. Be3 Bxe5 40. Rg5 Bf6 41. Rxh5+ Kg6 42. Rh6+ Kg7 43. Rh3 Re8 44. Rg3+ Kf8 45. Bh6+ Ke7 46. Bg5 Bxg5 47. Rxg5 Rh8 48. Rg2 Rh4 49. Kf2 e5 50. Kg3 Rh6 51. Rd2 Ke6 52. h4 f5 53. Rh2 f4+ 54. Kf2 e4 55. h5 Ke5 56. a3 e3+ 57. Ke2 d4 58. cxd4+ Kxd4 59. Rh1 Ke5 60. Rc1 Rd6 61. Rc2 Kf6 62. Ke1 Kg5 63. Rh2 Rd2 64. Rxd2 exd2+ 65. Kxd2 Kxh5 66. Kd3 a5 67. Ke4 Kg5 68. b4 axb4 69. axb4 1-0

[Event "AUT-chT2M 1819"]
[Site "Austria"]
[Date "2019.01.20"]
[Round "8.6"]
[White "Eder, Andreas"]
[Black "Wegerer, Fred"]
[Result "1/2-1/2"]
[WhiteElo "2113"]
[BlackElo "2161"]
[PlyCount "81"]
[EventDate "2018.10.19"]
[EventType "team-tourn"]
[EventRounds "11"]
[EventCountry "AUT"]
[SourceTitle "CBM 189 Extra"]
[Source "ChessBase"]
[SourceDate "2019.06.03"]
[SourceVersion "1"]
[SourceVersionDate "2019.06.03"]
[SourceQuality "1"]
[WhiteTeam "St Valentin"]
[BlackTeam "Gleisdorf"]
[WhiteTeamCountry "AUT"]
[BlackTeamCountry "AUT"]

1. d4 d6 2. Nf3 Bg4 3. e4 Nd7 4. Bc4 e6 5. h3 Bh5 6. c3 Ngf6 7. Nbd2 d5 8. Bd3 c5 9. e5 Ng8 10. 0-0 Ne7 11. Qa4 Nc6 12. Bb5 Qc7 13. dxc5 Bxc5 14. Bxc6 bxc6 15. Re1 0-0 16. Qh4 Bg6 17. b4 Bb6 18. c4 Qb7 19. c5 Bd8 20. Qd4 a5 21. a3 axb4 22. axb4 Rxa1 23. Qxa1 Bc7 24. Qc3 Ra8 25. Ba3 Qa7 26. Ra1 Qb8 27. Bb2 Rxa1+ 28. Bxa1 Qa8 29. Bb2 h6 30. Nb3 Be4 31. Nbd2 Qa2 32. Qd4 Bxf3 33. Nxf3 Qb1+ 34. Kh2 f6 35. Qg4 Kf7 36. Bc3 fxe5 37. Nh4 Nf6 38. Qg3 g5 39. Nf3 Ne4 40. Nxe5+ Ke8 41. Qf3 1/2-1/2

[Event "AUT-chT2M 1819"]
[Site "Austria"]
[Date "2018.10.21"]
[Round "3.6"]
[White "Hellmayr, Alois"]
[Black "Eder, Andreas"]
[Result "1-0"]
[WhiteElo "2268"]
[BlackElo "2113"]
[PlyCount "123"]
[EventDate "2018.10.19"]
[EventType "team-tourn"]
[EventRounds "11"]
[EventCountry "AUT"]
[SourceTitle "CBM 187 Extra"]
[Source "ChessBase"]
[SourceDate "2018.11.04"]
[SourceVersion "1"]
[SourceVersionDate "2018.11.04"]
[SourceQuality "1"]
[WhiteTeam "Sauwald"]
[BlackTeam "St Valentin"]
[WhiteTeamCountry "AUT"]
[BlackTeamCountry "AUT"]

1. d4 d5 2. Nf3 c6 3. c3 Bf5 4. Bf4 e6 5. e3 Nf6 6. h3 h6 7. Qb3 Qb6 8. Nbd2 Nbd7 9. Be2 Ne4 10. Qxb6 axb6 11. a3 b5 12. 0-0 g5 13. Bh2 g4 14. hxg4 Bxg4 15. Rae1 Nxd2 16. Nxd2 Bxe2 17. Rxe2 Nb6 18. f3 Kd7 19. Kf2 Be7 20. Rh1 Rag8 21. Be5 f6 22. Bf4 Rg6 23. Rh2 f5 24. Nb3 Bd6 25. Bxd6 Kxd6 26. Nc5 Kc7 27. Nd3 Nd7 28. Re1 Kd6 29. Rh5 Rg5 30. Rh4 Rg6 31. Reh1 b6 32. Rh5 c5 33. R1h4 Rf6 34. Rf4 c4 35. Nc1 Rg6 36. Ne2 Rhg8 37. Rh2 Rh8 38. Rfh4 Rf6 39. Rh5 Nb8 40. R2h3 Nc6 41. Rg3 Ne7 42. Rg7 Kd7 43. Nf4 Ke8 44. Ke2 Kf8 45. Rg3 Rg8 46. Rhh3 Rg5 47. Rxh6 Rxh6 48. Rxg5 Rh1 49. Kd2 Kf7 50. Rh5 Rb1 51. Kc2 Re1 52. Rh6 Nc6 53. Rxe6 Na5 54. Kd2 Rb1 55. Rxb6 Nb3+ 56. Ke2 Rxb2+ 57. Kf1 Nd2+ 58. Kg1 Rb1+ 59. Kf2 Rb2 60. Nxd5 Nb1+ 61. Kg3 Nxa3 62. Kf4 1-0

[Event "AUT-chT2M 1718"]
[Site "Austria"]
[Date "2017.10.29"]
[Round "3.6"]
[White "Eder, Andreas"]
[Black "Rieger, Robert"]
[Result "1/2-1/2"]
[WhiteElo "2116"]
[BlackElo "2301"]
[PlyCount "60"]
[EventDate "2017.10.27"]
[EventType "team-tourn"]
[EventRounds "11"]
[EventCountry "AUT"]
[SourceTitle "CBM 181 Extra"]
[Source "ChessBase"]
[SourceDate "2017.12.12"]
[SourceVersion "1"]
[SourceVersionDate "2017.12.12"]
[SourceQuality "1"]
[WhiteTeam "St Valentin"]
[BlackTeam "Maria Saal II"]
[WhiteTeamCountry "AUT"]
[BlackTeamCountry "AUT"]

1. d4 Nf6 2. Bf4 g6 3. e3 Bg7 4. Nf3 d6 5. Be2 0-0 6. 0-0 b6 7. h3 Bb7 8. Nbd2 Nbd7 9. c3 c5 10. Bh2 a6 11. a4 Ra7 12. Qb3 Qa8 13. Rfc1 Rb8 14. Qd1 b5 15. axb5 axb5 16. Qf1 Bc6 17. dxc5 Nxc5 18. Nd4 Rxa1 19. Rxa1 Qb7 20. Ra7 Qb6 21. Nxc6 Qxc6 22. Qa1 e5 23. Qa2 Qd5 24. Qxd5 Nxd5 25. c4 bxc4 26. Nxc4 Bf8 27. g4 h6 28. Bg3 Nb6 29. Nxb6 Rxb6 30. Bc4 Ne6 1/2-1/2

[Event "Niederoesterreich Landesliga 1617"]
[Site "Austria"]
[Date "2017.02.19"]
[Round "7.3"]
[White "Piringer, Florian"]
[Black "Eder, Andreas"]
[Result "0-1"]
[WhiteElo "2166"]
[BlackElo "2057"]
[PlyCount "88"]
[EventDate "2016.10.02"]
[EventType "team-tourn"]
[EventRounds "11"]
[EventCountry "AUT"]
[SourceTitle "EXT 2018"]
[Source "ChessBase"]
[SourceDate "2017.10.13"]
[SourceVersion "1"]
[SourceVersionDate "2017.10.13"]
[SourceQuality "1"]
[WhiteTeam "Stockerau"]
[BlackTeam "Mostarrichi"]
[WhiteTeamCountry "AUT"]
[BlackTeamCountry "AUT"]

1. e4 Nc6 2. Nf3 f5 3. e5 d6 4. exd6 cxd6 5. d4 e6 6. Be2 Nf6 7. 0-0 d5 8. Bf4 Bd6 9. Bxd6 Qxd6 10. Re1 0-0 11. c3 Bd7 12. Bb5 Nb8 13. Qe2 Ne4 14. Ne5 Bxb5 15. Qxb5 Nc6 16. f3 Nxe5 17. fxe4 Ng4 18. e5 Qe7 19. Nd2 Qh4 20. Nf3 Qf2+ 21. Kh1 a6 22. Qb3 Ne3 23. Rg1 b5 24. Rae1 f4 25. a4 Rf5 26. axb5 Rh5 27. Rxe3 fxe3 28. bxa6 Rf8 29. a7 Rxf3 30. a8Q+ Rf8 31. Qxf8+ Kxf8 32. Qb8+ Kf7 33. Qc7+ Kg6 34. h3 e2 35. Qe7 Qxg1+ 36. Kxg1 e1Q+ 37. Kh2 Rf5 38. Qxe6+ Kg5 39. Qe7+ Kh6 40. h4 Qe4 41. b4 Qf4+ 42. Kh3 Kh5 43. e6 Rf6 44. Qe8+ Rg6 0-1

[Event "Nittenau-ch 16th"]
[Site "Nittenau"]
[Date "2016.09.18"]
[Round "4"]
[White "Eder, Andreas"]
[Black "Plank, Michael"]
[Result "1-0"]
[WhiteElo "2057"]
[BlackElo "1943"]
[PlyCount "111"]
[EventDate "2016.09.16"]
[EventType "swiss"]
[EventRounds "5"]
[EventCountry "GER"]
[SourceTitle "EXT 2022"]
[Source "ChessBase"]
[SourceDate "2021.10.06"]
[SourceVersion "1"]
[SourceVersionDate "2021.10.06"]
[SourceQuality "1"]

1. d4 Nf6 2. Bf4 e6 3. e3 b6 4. Nf3 Bb7 5. Nbd2 Be7 6. Bd3 Nh5 7. Bg3 c5 8. c3 Nxg3 9. hxg3 h6 10. Qe2 Nc6 11. a4 Bf6 12. Ne4 Be7 13. g4 d5 14. Ned2 Rc8 15. Bb5 0-0 16. Bd3 f5 17. gxf5 exf5 18. Rh5 Qd7 19. Bb5 Bd6 20. Ne5 Bxe5 21. dxe5 Qf7 22. f4 Ne7 23. Rh3 Rfd8 24. Kf2 Kf8 25. Rah1 Rc7 26. Rd1 Qe6 27. Nf3 Ng6 28. g3 Ne7 29. Rh5 Qf7 30. Rh2 Qg6 31. Nh4 Qf7 32. Nf3 Qg6 33. Qc2 c4 34. b3 a6 35. Bxc4 Rdc8 36. Be2 Rxc3 37. Qb1 R8c7 38. Nd4 Bc8 39. Bh5 Qh7 40. Rhh1 g6 41. Be2 Kf7 42. Rc1 h5 43. Rxc3 Rxc3 44. Qb2 Rc7 45. Qa3 Rc5 46. b4 Rc7 47. b5 Rc5 48. bxa6 Qh8 49. Nb3 Rc2 50. Nd4 Rc5 51. Nb5 Ke6 52. a5 Bxa6 53. axb6 Rxb5 54. Bxb5 Bxb5 55. Qd6+ Kf7 56. b7 1-0

[Event "Niederoesterreich Landesliga 1516"]
[Site "Austria"]
[Date "2016.02.28"]
[Round "9.3"]
[White "Eder, Andreas"]
[Black "Lipp, Alfred"]
[Result "1-0"]
[WhiteElo "2028"]
[BlackElo "2156"]
[PlyCount "103"]
[EventDate "2015.09.27"]
[EventType "team-tourn"]
[EventRounds "11"]
[EventCountry "AUT"]
[SourceTitle "EXT 2017"]
[Source "ChessBase"]
[SourceDate "2016.10.25"]
[SourceVersion "1"]
[SourceVersionDate "2016.10.25"]
[SourceQuality "1"]
[WhiteTeam "Mostarrichi"]
[BlackTeam "Zwettl"]
[WhiteTeamCountry "AUT"]
[BlackTeamCountry "AUT"]

1. d4 d5 2. Bf4 e6 3. e3 c5 4. c3 Nc6 5. Nf3 Bd6 6. Bxd6 Qxd6 7. Bd3 Nf6 8. Nbd2 0-0 9. 0-0 Rd8 10. Qe2 e5 11. dxe5 Nxe5 12. Nxe5 Qxe5 13. Rfe1 Bf5 14. Bxf5 Qxf5 15. Qb5 b6 16. a4 Rd6 17. Rad1 Rad8 18. Nf3 h6 19. a5 Ne4 20. Qe2 g5 21. Nd2 g4 22. Nxe4 dxe4 23. Rxd6 Rxd6 24. Rd1 Rd3 25. axb6 axb6 26. Kf1 c4 27. Ra1 h5 28. Rd1 h4 29. Kg1 b5 30. Ra1 Qd7 31. Qe1 h3 32. gxh3 Rd2 33. h4 Kg7 34. Kg2 Rxb2 35. Rd1 Qf5 36. Rd2 Rb3 37. Ra2 Qf3+ 38. Kg1 Kg6 39. Re2 Qf6 40. Rc2 Qxh4 41. Qd1 Qh3 42. Qd6+ f6 43. Rc1 Qf3 44. Qe6 Qf5 45. Qg8+ Kh6 46. Qh8+ Kg5 47. Qg8+ Qg6 48. Qd5+ Kh4 49. Qd6 Rb2 50. Qf4 Rd2 51. Ra1 b4 52. Ra5 1-0

[Event "Nittenau-ch op 15th"]
[Site "Nittenau"]
[Date "2015.09.19"]
[Round "2"]
[White "Eder, Andreas"]
[Black "Oberhofer, Peter"]
[Result "1-0"]
[WhiteElo "2039"]
[BlackElo "1831"]
[PlyCount "81"]
[EventDate "2015.09.18"]
[EventType "swiss"]
[EventRounds "5"]
[EventCountry "GER"]
[SourceTitle "EXT 2017"]
[Source "ChessBase"]
[SourceDate "2016.10.25"]
[SourceVersion "1"]
[SourceVersionDate "2016.10.25"]
[SourceQuality "1"]

1. d4 Nf6 2. Nf3 g6 3. Bf4 Bg7 4. e3 0-0 5. Nbd2 d5 6. Bd3 Nc6 7. c3 Re8 8. Ne5 Nxe5 9. Bxe5 Ng4 10. Bxg7 Kxg7 11. h3 Nh6 12. 0-0 e5 13. dxe5 Rxe5 14. Nf3 Re7 15. Qc2 Bf5 16. Bxf5 Nxf5 17. Qd3 c6 18. Rfd1 Qb6 19. Nd4 Nxd4 20. Qxd4+ Qxd4 21. cxd4 f5 22. g3 g5 23. Kf1 Re4 24. Ke2 Rae8 25. Kd3 h5 26. Rg1 Kf6 27. Rae1 f4 28. h4 fxg3 29. hxg5+ Kxg5 30. f3 h4 31. fxe4 Rxe4 32. Ref1 Kg4 33. Ke2 c5 34. dxc5 d4 35. Kd3 Rxe3+ 36. Kxd4 Rf3 37. Re1 h3 38. Re8 h2 39. Rg8+ Kh3 40. Rh8+ Kg4 41. Rxh2 1-0

[Event "Nittenau-ch op 15th"]
[Site "Nittenau"]
[Date "2015.09.19"]
[Round "3"]
[White "Sammet, Dominik"]
[Black "Eder, Andreas"]
[Result "0-1"]
[WhiteElo "1685"]
[BlackElo "2039"]
[PlyCount "36"]
[EventDate "2015.09.18"]
[EventType "swiss"]
[EventRounds "5"]
[EventCountry "GER"]
[SourceTitle "EXT 2017"]
[Source "ChessBase"]
[SourceDate "2016.10.25"]
[SourceVersion "1"]
[SourceVersionDate "2016.10.25"]
[SourceQuality "1"]

1. e4 Nc6 2. d4 d5 3. exd5 Qxd5 4. Nf3 e5 5. Nc3 Bb4 6. Bd2 Bxc3 7. Bxc3 e4 8. Ne5 Nxe5 9. dxe5 Be6 10. Be2 Ne7 11. 0-0 0-0 12. Qd2 Qxd2 13. Bxd2 Ng6 14. Bc3 Rfe8 15. Rad1 Nf4 16. Rfe1 Nxe2+ 17. Rxe2 Bg4 18. f3 exf3 0-1

[Event "Niederoesterreich Landesliga 1415"]
[Site "Austria"]
[Date "2014.10.26"]
[Round "2.4"]
[White "Eder, Andreas"]
[Black "Riegler, Rene"]
[Result "1-0"]
[WhiteElo "1959"]
[BlackElo "2030"]
[PlyCount "70"]
[EventDate "2014.10.05"]
[EventType "team-tourn"]
[EventRounds "11"]
[EventCountry "AUT"]
[SourceTitle "EXT 2016"]
[Source "ChessBase"]
[SourceDate "2015.10.08"]
[SourceVersion "1"]
[SourceVersionDate "2015.10.08"]
[SourceQuality "1"]
[WhiteTeam "Mostarrichi"]
[BlackTeam "Stockerau II"]
[WhiteTeamCountry "AUT"]
[BlackTeamCountry "AUT"]

1. d4 Nf6 2. Bf4 c5 3. e3 Qb6 4. Nc3 e6 5. a3 Be7 6. dxc5 Qxc5 7. Nb5 Nd5 8. b4 Qc6 9. Bxb8 Rxb8 10. c4 Nc7 11. Nxa7 Qa6 12. Nb5 Nxb5 13. cxb5 Qb6 14. Nf3 0-0 15. Be2 Bf6 16. Ra2 Bc3+ 17. Nd2 d5 18. Rc2 Bf6 19. 0-0 Ra8 20. Ra2 Rd8 21. Qb3 e5 22. a4 Be6 23. a5 Qd6 24. Rc2 d4 25. Bc4 Bxc4 26. Nxc4 Qd5 27. exd4 exd4 28. Qa4 d3 29. Nb6 Qe4 30. Rc4 Qe6 31. Qd1 Bd4 32. Rxd4 Rxd4 33. Nxa8 d2 34. Nb6 Qa2 35. Qe2 g6 1-0

[Event "Niederoesterreich Landesliga 1011"]
[Site "Austria"]
[Date "2010.10.10"]
[Round "3"]
[White "Eder, Andreas"]
[Black "Wurzer, Andreas"]
[Result "1/2-1/2"]
[WhiteElo "1791"]
[BlackElo "1803"]
[PlyCount "90"]
[EventDate "2010.09.12"]
[EventType "team-tourn"]
[EventRounds "13"]
[EventCountry "AUT"]
[SourceTitle "EXT 2022"]
[Source "ChessBase"]
[SourceDate "2021.10.06"]
[SourceVersion "1"]
[SourceVersionDate "2021.10.06"]
[SourceQuality "1"]

1. d4 c6 2. Nf3 d5 3. Bf4 Bf5 4. Nbd2 h6 5. e3 Nf6 6. c4 e6 7. Qb3 Qb6 8. c5 Qxb3 9. axb3 Nbd7 10. Be2 Nh5 11. Bc7 Rc8 12. Be5 a6 13. Nh4 Nhf6 14. Nxf5 exf5 15. Bg3 Ne4 16. Nxe4 fxe4 17. Bg4 Be7 18. h3 h5 19. Bxd7+ Kxd7 20. Ke2 Rcf8 21. f3 f5 22. f4 h4 23. Be1 g5 24. Bd2 Rhg8 25. Rhg1 gxf4 26. exf4 Rg3 27. Be3 Rfg8 28. Kf2 Bf6 29. Rad1 b6 30. b4 bxc5 31. bxc5 Rb8 32. Rd2 Rb3 33. Re1 Bd8 34. Rde2 Bc7 35. Ra1 a5 36. Ra3 Rb5 37. Rc2 Rb4 38. Rd2 Kc8 39. Re2 Kb7 40. b3 a4 41. Rb2 axb3 42. Raxb3 Rxb3 43. Rxb3+ Ka6 44. Ra3+ Kb7 45. Ra4 Bd8 1/2-1/2